Lehrwerk für Deutsch als Fremdsprache. Spiele, Bilder, Vorlagen zum Kopieren

מידע ביבליוגרפי
מחברים אחרים: Paleit D. Dagmar (составитель)
שפה:גרמנית
יצא לאור: Ismaning, Max Hueber Verlag, 2000
סדרה:Themen Neu 1
נושאים:
פורמט: MixedMaterials ספר
KOHA link:https://koha.lib.tpu.ru/cgi-bin/koha/opac-detail.pl?biblionumber=238100

MARC

LEADER 00000nam0a2200000 4500
001 238100
005 20231101231602.0
010 |a 3193415219 
035 |a (RuTPU)RU\TPU\book\259282 
090 |a 238100 
100 |a 20130522d2000 m y0gery50 ba 
101 0 |a ger 
102 |a DE 
105 |a a j 000zy 
200 1 |a Lehrwerk für Deutsch als Fremdsprache. Spiele, Bilder, Vorlagen zum Kopieren  |f comp. D. Paleit 
210 |a Ismaning  |c Max Hueber Verlag  |d 2000 
215 |a 96 s.  |c il. 
225 1 |a Themen Neu 1 
606 1 |a Немецкий язык  |x Учебные руководства и пособия для вузов  |2 stltpush  |3 (RuTPU)RU\TPU\subj\45394  |9 64636 
610 1 |a лексика 
610 1 |a грамматика 
610 1 |a разговорная речь 
610 1 |a упражнения 
686 |a Ш143.24-923  |v LBC/SL-A  |2 rubbk 
702 1 |a Paleit  |b D.  |g Dagmar  |4 220 
801 1 |a RU  |b 63413507  |c 20130522 
801 2 |a RU  |b 63413507  |c 20190228  |g RCR 
942 |c BK